सिखों का इतिहास / (Record no. 78514)

MARC details
000 -LEADER
fixed length control field 01941nam a22003617a 4500
005 - DATE AND TIME OF LATEST TRANSACTION
control field 20130808164159.0
008 - FIXED-LENGTH DATA ELEMENTS--GENERAL INFORMATION
fixed length control field 130808b xxu||||| |||| 00| 0 hin d
010 ## - LCCN (DPL NO)
LC control number B-494723-736
020 ## - INTERNATIONAL STANDARD BOOK NUMBER
International Standard Book Number 9788190820448 भा-1
Terms of availability 1295.00 (दो खंड)
020 ## - INTERNATIONAL STANDARD BOOK NUMBER
International Standard Book Number 9788190820448 भा-2
Terms of availability 1295.00 (दो खंड)
035 ## - SYSTEM CONTROL NUMBER
System control number B-494723-736
037 ## - SOURCE OF ACQUISITION
Source of stock number/acquisition DBAD / PUB
037 ## - SOURCE OF ACQUISITION
Source of stock number/acquisition किताबघर प्रकाशन
037 ## - SOURCE OF ACQUISITION
Source of stock number/acquisition स्टार पब्लिकेशंस
040 ## - CATALOGING SOURCE
Original cataloging agency dpl
Language of cataloging hn
082 ## - DEWEY DECIMAL CLASSIFICATION NUMBER
Classification number 954.07
100 ## - MAIN ENTRY--PERSONAL NAME
Personal name खुशवंत सिंह
245 ## - TITLE STATEMENT
Title सिखों का इतिहास /
Remainder of title खुशवंत सिंह; उषा महाजन द्वारा अनुदित
246 ## - VARYING FORM OF TITLE
Title proper/short title Sikhon kaa Itihaasa
Remainder of title by Khushwant Singh
260 ## - PUBLICATION, DISTRIBUTION, ETC. (IMPRINT)
Place of publication, distribution, etc नयी दिल्ली
Name of publisher, distributor, etc किताबघर प्रकाशन
Date of publication, distribution, etc 2011
270 ## - ADDRESS
Address 4855-56य24,अंसारी रोड़, दरियागंज
City नयी दिल्ली
Postal code 110002
300 ## - PHYSICAL DESCRIPTION
Extent 2भा.(भा.1,416पृ.; भा.2,540पृ.)
Dimensions 22सेमी (सजिल्द)
500 ## - GENERAL NOTE
General note दो भागों में प्रकाशित (खंड-1: 1469-1839) (खंड-2: 1839-2004)
500 ## - GENERAL NOTE
General note दो भागों का मूल्य 1295.00
650 ## - SUBJECT ADDED ENTRY--TOPICAL TERM
Topical term or geographic name as entry element Sikhs
General subdivision History
651 ## - SUBJECT ADDED ENTRY--GEOGRAPHIC NAME
Geographic name सिख
General subdivision इतिहास
651 ## - SUBJECT ADDED ENTRY--GEOGRAPHIC NAME
Geographic name भारत
General subdivision इतिहास
651 ## - SUBJECT ADDED ENTRY--GEOGRAPHIC NAME
Geographic name India
General subdivision History
700 ## - ADDED ENTRY--PERSONAL NAME
Personal name महाजन, उषा
942 ## - ADDED ENTRY ELEMENTS (KOHA)
Source of classification or shelving scheme Dewey Decimal Classification
Item type Hindi Books
Call number suffix खुशवं
Classification part 954.07
Holdings
Withdrawn status Lost status Source of classification or shelving scheme Materials specified (bound volume or other part) Damaged status Not for loan Collection code Home library Current library Date acquired Source of acquisition Cost, normal purchase price Total Checkouts Full call number Barcode Date last seen Copy number Cost, replacement price Koha item type Total Renewals Public note
    Dewey Decimal Classification भाग-1     Non-fiction Central Library Central Library 08/08/2013 स्टार पब्लिकेशंस/SP2458/15.03.13/192/13.03.13/15.03.13 1295.00   954.07 खुशवं B-494723 08/08/2013 1 1295.00 Hindi Books    
    Dewey Decimal Classification भाग-2     Non-fiction Central Library Central Library 08/08/2013 स्टार पब्लिकेशंस/SP2458/15.03.13/192/13.03.13/15.03.13 1295.00 6 954.07 खुशवं B-494724 22/07/2024 1 1295.00 Hindi Books 2  
Withdrawn   Dewey Decimal Classification भाग-1     Non-fiction Janak Puri Janak Puri 08/08/2013 स्टार पब्लिकेशंस/SP2458/15.03.13/192/13.03.13/15.03.13 1295.00 20 954.07 खुशवं B-494727 10/08/2017 1 1295.00 Hindi Books 6  
    Dewey Decimal Classification भाग-2     Non-fiction Janak Puri Janak Puri 08/08/2013 स्टार पब्लिकेशंस/SP2458/15.03.13/192/13.03.13/15.03.13 1295.00 15 954.07 खुशवं B-494728 29/08/2018 1 1295.00 Hindi Books 4  
    Dewey Decimal Classification भाग-1     Non-fiction Narela Narela 08/08/2013 स्टार पब्लिकेशंस/SP2458/15.03.13/192/13.03.13/15.03.13 1295.00   954.07 खुशवं B-494731 08/08/2013 1 1295.00 Hindi Books    
    Dewey Decimal Classification भाग-2     Non-fiction Narela Narela 08/08/2013 स्टार पब्लिकेशंस/SP2458/15.03.13/192/13.03.13/15.03.13 1295.00   954.07 खुशवं B-494732 08/08/2013 1 1295.00 Hindi Books    
    Dewey Decimal Classification भाग-1     Non-fiction Patel Nagar Patel Nagar 08/08/2013 स्टार पब्लिकेशंस/SP2458/15.03.13/192/13.03.13/15.03.13 1295.00   954.07 खुशवं B-494725 08/08/2013 1 1295.00 Hindi Books    
    Dewey Decimal Classification भाग-2     Non-fiction Patel Nagar Patel Nagar 08/08/2013 स्टार पब्लिकेशंस/SP2458/15.03.13/192/13.03.13/15.03.13 1295.00   954.07 खुशवं B-494726 08/08/2013 1 1295.00 Hindi Books    
    Dewey Decimal Classification भाग-1     Non-fiction Sarojini Nagar Sarojini Nagar 08/08/2013 स्टार पब्लिकेशंस/SP2458/15.03.13/192/13.03.13/15.03.13 1295.00 2 954.07 खुशवं B-494729 16/04/2022 1 1295.00 Hindi Books 1 Withdrawn List Prepared L.No.45/21
  Written-off vide DLB M. No. 383 dt 16.05.19 Dewey Decimal Classification भाग-2     Non-fiction Sarojini Nagar Sarojini Nagar 08/08/2013 स्टार पब्लिकेशंस/SP2458/15.03.13/192/13.03.13/15.03.13 1295.00   954.07 खुशवं B-494730 08/08/2013 1 1295.00 Hindi Books    
    Dewey Decimal Classification भाग-1     Non-fiction Shahdara Branch Shahdara Branch 08/08/2013 स्टार पब्लिकेशंस/SP2458/15.03.13/192/13.03.13/15.03.13 1295.00 6 954.07 खुशवं B-494733 13/06/2023 1 1295.00 Hindi Books 4  
    Dewey Decimal Classification भाग-2     Non-fiction Shahdara Branch Shahdara Branch 08/08/2013 स्टार पब्लिकेशंस/SP2458/15.03.13/192/13.03.13/15.03.13 1295.00 1 954.07 खुशवं B-494734 02/06/2026 1 1295.00 Hindi Books    
    Dewey Decimal Classification भाग-1     Non-fiction Yojana Vihar Yojana Vihar 08/08/2013 स्टार पब्लिकेशंस/SP2458/15.03.13/192/13.03.13/15.03.13 1295.00 4 954.07 खुशवं B-494735 18/11/2024 1 1295.00 Hindi Books 4  
    Dewey Decimal Classification भाग-2     Non-fiction Yojana Vihar Yojana Vihar 08/08/2013 स्टार पब्लिकेशंस/SP2458/15.03.13/192/13.03.13/15.03.13 1295.00   954.07 खुशवं B-494736 08/08/2013 1 1295.00 Hindi Books    

© Delhi Public Library
Hit Counter
free hit counter